00437nam a2200169Ia 450000500170000000800410001702000140005804000190007204100120009108200150010310000220011824500570014026000220019730000120021965000260023185000100025720230916091722.0131103s9999 xx 000 0 und d a909706018 aLoreto College aEnglish a919.4bWIS aWisewould,Gweneth aOutpostb a doctor on the divine cGweneth Wisewould aLondonbLPCc1971 a191 p.  aAustralia - Geography aLCLIB